| 000 | 00788nam a2200205 4500 | ||
|---|---|---|---|
| 001 | 127750 | ||
| 003 | ES-MaACL | ||
| 005 | 20250902114315.0 | ||
| 007 | t| | ||
| 008 | 070214s1985 cl r ||||1| spa d | ||
| 100 | 1 |
_aRivacoba y Rivacoba, Manuel de. _997535 |
|
| 245 | 1 | 4 |
_aLos iusnaturalistas clásicos y el pensamiento penal / _cManuel de Rivacoba y Rivacoba. |
| 260 |
_aValparaíso : _bSociedad Chilena de Filosofía Jurídica y Social, _c1985. |
||
| 300 |
_a32 p. ; _c20 cm. |
||
| 595 | _aSeparata del vol. Estudios en memoria de Jorge Millas (Anuario de filosofía jurídica y social, 2, 1984) | ||
| 650 | 4 |
_aDerecho penal- _xFilosofía. _911756 |
|
| 710 | 2 |
_aSociedad Chilena de Filosofía Jurídica y Social _96651 |
|
| 852 |
_aES-MaACL _j2134-F-16 |
||
| 999 |
_c127750 _d127750 |
||